000 00291nam a22001337a 4500
008 170804b xxu||||| |||| 00| 0 eng d
020 _a9781418859848
041 _aeng
080 _23RD
_a004
100 _a33
101 _aSHK
245 _aJAVA PROGRAMMING
_cSHELLY,G.B
942 _2udc
_cBK
999 _c22713
_d22713